Projektive geometrie
Αποθηκεύτηκε σε:
| Κύριος συγγραφέας: | |
|---|---|
| Μορφή: | Βιβλίο |
| Γλώσσα: | German |
| Δημοσίευση: |
Leipzig :
Akademische Verlagsgesellschaft,
1939
|
| Θέματα: | |
| Ετικέτες: |
Προσθήκη ετικέτας
Δεν υπάρχουν, Καταχωρήστε ετικέτα πρώτοι!
|
MARC
| LEADER | 00000cam a2200000 i 4500 | ||
|---|---|---|---|
| 001 | 1/5803 | ||
| 008 | 100317s1939 ger d | ||
| 035 | |l 10107292 | ||
| 040 | |a GR-MY-UA |b gre |e aacr | ||
| 041 | 0 | |a ger | |
| 082 | 0 | |a 516.5 |2 (22) | |
| 100 | 1 | |a Prufer, Heinz, |d 1896-1934. | |
| 245 | 1 | 0 | |a Projektive geometrie / |c von Heinz Prufer ; aus dem Nachlab herausgegeben von G. Fleddermann [und] G. Kothe ; mit einem vorwort von B.L.v.d. Waerden |
| 260 | |a Leipzig : |b Akademische Verlagsgesellschaft, |c 1939 | ||
| 300 | |a vii, 314 σ.; |b διαγρ., εικ.; |c 24 εκ. | ||
| 500 | |a Mit 3 ganzseitigen Abbildungen und 251 figure im Text. | ||
| 504 | |a Περιέχει ευρετήριο. | ||
| 650 | 0 | 0 | |a Geometry, Projective. |
| 852 | |a INST |b SAMOS |c MAG |e 20100317 |h 516.5 BEU |p 005300032158 |q 005300032158 |t BK |y 0 | ||
| 901 | |a BIBL3-2010-1 | ||
| 909 | |a Σ |b 162053 | ||
| 970 | |a ΣΙΤΖΙΜΗ |b ΓΙΑΣΕΜΗ |z 2010/03/17 | ||